| 000 | 00838nam a2200289 a 4500 | ||
|---|---|---|---|
| 001 | 24114 | ||
| 003 | BD-RjUL | ||
| 005 | 20211209001018.0 | ||
| 008 | 140312m19691967enkcfh 001 0aeng | ||
| 035 | _a(BD-RjUL)24180 | ||
| 035 | _a2077049 | ||
| 040 |
_aLC _beng _cLC _dLC |
||
| 041 | _aeng | ||
| 082 | 0 | 0 | _aB |
| 082 | 0 | 0 |
_a192 _bRUA 1969 |
| 100 | 1 |
_aRussell, Bertrand, _d1872-1970. _974287 |
|
| 245 | 1 | 4 |
_aThe autobiography of Bertrand Russell,1872-1914 / _cBertrand Russell |
| 260 |
_aLondon : _bAllen & Unwin, _c1969. |
||
| 300 |
_a308 P. ; _c14 cm. |
||
| 504 | _aIncludes index | ||
| 505 | 0 | _a[1] 1872-1914.--v. 2. 1914-1944.--v. 3. 1944-1967. | |
| 600 | 1 | 0 |
_aRussell, Bertrand, _d1872-1970. _9114697 |
| 650 |
_aPhilosophers _xBiography. _zEngland _9114698 |
||
| 942 |
_2ddc _cBK |
||
| 999 |
_c24114 _d24114 |
||